Alle Parteien Ungarns - Statistiken

Allgemein
  • Dieses Quiz wurde 7 mal gespielt
  • Das Durchschnittsergebnis liegt bei 6 aus 11
Antwortstatistiken
Partei % Korrekt
Fidesz – Magyar Polgári Szövetség
100%
Tisztelet és Szabadság Párt
83%
Jobbik – Konzervatívok
67%
Magyar Szocialista Párt
67%
Mi Hazánk Mozgalom
67%
Párbeszéd – A Zöldek Pártja
67%
LMP – Magyarország Zöld Pártja
50%
Demokratikus Koalíció
33%
Kereszténydemokrata Néppárt
33%
Momentum Mozgalom
17%
Magyarországi Németek Országos Önkormányzata
0%
Keine übereinstimmenden Quizze gefunden
Verteilung der Resultate
Anzahl Personen mit jedem Resultat
Perzentil nach korrekt beantworteten Fragen
Ihre Resultats-Entwicklung
Sie haben dieses Quiz noch nicht gespielt